[Event "Mecklenburg VP Landesliga Ost 1920"]
[Site "Mecklenburg VP"]
[Date "2019.11.24"]
[Round "3.1"]
[White "Pawlick, Helmut"]
[Black "Windjaeger, Gerd"]
[Result "1/2-1/2"]
[WhiteElo "1993"]
[BlackElo "1969"]
[PlyCount "73"]
[EventDate "2019.09.29"]
[EventType "team-tourn"]
[EventRounds "9"]
[EventCountry "GER"]
[SourceTitle "EXT 2023"]
[Source "ChessBase"]
[SourceDate "2022.10.05"]
[SourceVersion "1"]
[SourceVersionDate "2022.10.05"]
[SourceQuality "1"]
[WhiteTeam "Bergen Rugia"]
[BlackTeam "Wolgast Motor"]
[WhiteTeamCountry "GER"]
[BlackTeamCountry "GER"]

1. e4 c6 2. d4 d5 3. exd5 cxd5 4. Bd3 Nc6 5. c3 Nf6 6. Qc2 Bg4 7. h3 Bh5 8. Bg5 e6 9. Nd2 Bg6 10. Ngf3 Rc8 11. 0-0 Be7 12. Rae1 0-0 13. a3 a6 14. Bxg6 hxg6 15. Re2 b5 16. Rfe1 a5 17. Qd3 b4 18. axb4 axb4 19. Ne5 bxc3 20. bxc3 Nd7 21. Nxd7 Qxd7 22. Nf3 Qc7 23. Bd2 Bf6 24. g3 Na5 25. Rb1 Rb8 26. Kg2 Qc4 27. Qxc4 Nxc4 28. Rxb8 Rxb8 29. Bf4 Rb3 30. Ra2 Ra3 31. Rxa3 Nxa3 32. Bd6 Nc4 33. Bb4 Bd8 34. Kf1 f6 35. Ke2 Kf7 36. Nd2 Nxd2 37. Kxd2 1/2-1/2

[Event "Mecklenburg VP LL2 Ost 1516"]
[Site "Mecklenburg VP"]
[Date "2016.03.13"]
[Round "7.1"]
[White "Dupke, Andreas"]
[Black "Windjaeger, Gerd"]
[Result "0-1"]
[WhiteElo "1791"]
[BlackElo "1939"]
[PlyCount "82"]
[EventDate "2015.09.20"]
[EventType "team-tourn"]
[EventRounds "9"]
[EventCountry "GER"]
[SourceTitle "EXT 2022"]
[Source "ChessBase"]
[SourceDate "2021.10.06"]
[SourceVersion "1"]
[SourceVersionDate "2021.10.06"]
[SourceQuality "1"]
[WhiteTeam "Neubrandenburg SG Eintracht III"]
[BlackTeam "Gryps SV"]
[WhiteTeamCountry "GER"]
[BlackTeamCountry "GER"]

1. e4 c6 2. d4 d5 3. exd5 cxd5 4. c4 Nf6 5. Nc3 Nc6 6. cxd5 Nxd5 7. Bc4 Nb6 8. Bb5 e6 9. Nf3 Be7 10. 0-0 0-0 11. Be3 Bd7 12. a3 Na5 13. Bd3 Rc8 14. Ne5 Be8 15. Rc1 Nac4 16. Bb1 Nxe5 17. dxe5 Qxd1 18. Rfxd1 Nc4 19. Ne4 Ba4 20. Re1 Nxe3 21. fxe3 Rfd8 22. Nd6 Rxc1 23. Rxc1 Bc6 24. Nc4 Ba4 25. Nd6 Bxd6 26. exd6 Bc6 27. b4 a6 28. Rd1 Kf8 29. h4 g6 30. g4 Bf3 31. Rd4 f5 32. gxf5 gxf5 33. Ba2 Kf7 34. Rf4 Be4 35. Rxe4 fxe4 36. Bb1 b6 37. Bxe4 h6 38. Kf2 Rxd6 39. Kf3 Kf6 40. Kg4 Rd2 41. Bc6 Rd3 0-1

[Event "Mecklenburg VP LL2 Ost 1314"]
[Site "Mecklenburg VP"]
[Date "2014.03.16"]
[Round "7.2"]
[White "Windjaeger, Gerd"]
[Black "Rossmann, Andreas"]
[Result "1-0"]
[WhiteElo "1893"]
[BlackElo "1977"]
[PlyCount "57"]
[EventDate "2013.10.27"]
[EventType "team-tourn"]
[EventRounds "9"]
[EventCountry "GER"]
[SourceTitle "EXT 2022"]
[Source "ChessBase"]
[SourceDate "2021.10.06"]
[SourceVersion "1"]
[SourceVersionDate "2021.10.06"]
[SourceQuality "1"]
[WhiteTeam "Gryps SV"]
[BlackTeam "Neubrandenburg SG Eintracht"]
[WhiteTeamCountry "GER"]
[BlackTeamCountry "GER"]

1. d4 Nf6 2. Nf3 e6 3. e3 c5 4. Bd3 d5 5. c3 Nc6 6. Nbd2 Be7 7. 0-0 b6 8. Qe2 Bb7 9. dxc5 bxc5 10. e4 0-0 11. e5 Nd7 12. Re1 Qc7 13. Nf1 Rfe8 14. Bf4 Nf8 15. h4 d4 16. h5 dxc3 17. bxc3 Rad8 18. h6 g6 19. Ne3 Nd7 20. Ng4 Qa5 21. Rac1 Nb6 22. Bg5 Nd7 23. Qe3 c4 24. Bb1 Qc7 25. Bxe7 Rxe7 26. Qg5 Ree8 27. Nf6+ Nxf6 28. Qxf6 Kf8 29. Ng5 1-0

[Event "Mecklenburg VP LL2 Ost 1314"]
[Site "Mecklenburg VP"]
[Date "2014.02.23"]
[Round "6.1"]
[White "Windjaeger, Gerd"]
[Black "Scheel, Henrik"]
[Result "1/2-1/2"]
[WhiteElo "1893"]
[BlackElo "1901"]
[PlyCount "43"]
[EventDate "2013.10.27"]
[EventType "team-tourn"]
[EventRounds "9"]
[EventCountry "GER"]
[SourceTitle "EXT 2022"]
[Source "ChessBase"]
[SourceDate "2021.10.06"]
[SourceVersion "1"]
[SourceVersionDate "2021.10.06"]
[SourceQuality "1"]
[WhiteTeam "Gryps SV"]
[BlackTeam "Bergen Rugia"]
[WhiteTeamCountry "GER"]
[BlackTeamCountry "GER"]

1. d4 d5 2. Nf3 Nf6 3. e3 Bg4 4. c4 Bxf3 5. Qxf3 e6 6. Nc3 c6 7. Bd3 Nbd7 8. 0-0 Bb4 9. cxd5 cxd5 10. Bd2 0-0 11. a3 Ba5 12. Rac1 e5 13. dxe5 Nxe5 14. Qe2 d4 15. exd4 Qxd4 16. Bb1 Rfe8 17. Bg5 Neg4 18. Bxf6 Nxf6 19. Qf3 Bxc3 20. Qxc3 Qxc3 21. Rxc3 Rac8 22. Rxc8 1/2-1/2

[Event "Mecklenburg VP LL2 Ost 1314"]
[Site "Mecklenburg VP"]
[Date "2013.10.27"]
[Round "1.2"]
[White "Windjaeger, Gerd"]
[Black "Voigt, Michael"]
[Result "1-0"]
[WhiteElo "1893"]
[BlackElo "1720"]
[PlyCount "93"]
[EventDate "2013.10.27"]
[EventType "team-tourn"]
[EventRounds "9"]
[EventCountry "GER"]
[SourceTitle "EXT 2022"]
[Source "ChessBase"]
[SourceDate "2021.10.06"]
[SourceVersion "1"]
[SourceVersionDate "2021.10.06"]
[SourceQuality "1"]
[WhiteTeam "Gryps SV"]
[BlackTeam "Neubrandenburg SV Turbine"]
[WhiteTeamCountry "GER"]
[BlackTeamCountry "GER"]

1. d4 d5 2. Nf3 Nf6 3. e3 e6 4. Bd3 Nbd7 5. Nbd2 Bd6 6. 0-0 0-0 7. Re1 Re8 8. e4 dxe4 9. Nxe4 Nxe4 10. Bxe4 Nf8 11. Qe2 a5 12. c3 a4 13. Ne5 Re7 14. Nd3 c6 15. Bf4 Qc7 16. Bxd6 Qxd6 17. h4 Ra5 18. g3 g6 19. b4 Ra7 20. f4 f6 21. Rad1 Rg7 22. Kh2 b6 23. Qg2 Rac7 24. Nb2 b5 25. Nd3 h6 26. Qf2 Rcf7 27. Rf1 g5 28. h5 f5 29. Bf3 g4 30. Bg2 Rc7 31. Rfe1 Nh7 32. Rh1 Nf6 33. Kg1 Kh7 34. Nc5 Rce7 35. Bf1 Nd5 36. Rd3 Qd8 37. Bg2 Qd6 38. Bxd5 Qxd5 39. Rh2 Rg8 40. Re3 Rf8 41. Re5 Qc4 42. Qc2 Rd8 43. Rhe2 Rd5 44. R5e3 Kg8 45. Nd3 a3 46. Ne5 Rxe5 47. Rxe5 1-0

[Event "Mecklenburg VP LL2 Ost 1213"]
[Site "Mecklenburg VP"]
[Date "2012.11.11"]
[Round "2.2"]
[White "Windjaeger, Gerd"]
[Black "Schumacher, Albrecht"]
[Result "1-0"]
[WhiteElo "1848"]
[BlackElo "1941"]
[PlyCount "137"]
[EventDate "2012.10.14"]
[EventType "team-tourn"]
[EventRounds "9"]
[EventCountry "GER"]
[SourceTitle "EXT 2022"]
[Source "ChessBase"]
[SourceDate "2021.10.06"]
[SourceVersion "1"]
[SourceVersionDate "2021.10.06"]
[SourceQuality "1"]
[WhiteTeam "Gryps SV"]
[BlackTeam "Waren ESV"]
[WhiteTeamCountry "GER"]
[BlackTeamCountry "GER"]

1. d4 Nf6 2. Nf3 e6 3. Bg5 Be7 4. Nbd2 d5 5. e3 b6 6. c3 0-0 7. Bd3 Ba6 8. Bc2 c5 9. Ne5 Nfd7 10. h4 f5 11. Bxe7 Qxe7 12. f4 Nxe5 13. fxe5 Nc6 14. Nf3 Na5 15. Ng5 h6 16. Qh5 Qe8 17. Qxe8 Raxe8 18. Nh3 Nc4 19. Bd3 Bb7 20. Bxc4 dxc4 21. Rg1 cxd4 22. cxd4 Rc8 23. Kd2 b5 24. a3 a5 25. Nf4 Kf7 26. Nh5 g5 27. Nf6 Ke7 28. g3 Rf7 29. Rgf1 Rg7 30. Rg1 Rc7 31. Kc3 Kf8 32. Raf1 Rg6 33. hxg5 Rxg5 34. g4 Rcg7 35. e4 Ke7 36. exf5 exf5 37. d5 fxg4 38. Kd4 g3 39. Rf4 g2 40. Ne4 Rg4 41. Rxg4 Rxg4 42. e6 h5 43. Ke5 Rxe4+ 44. Kxe4 Kd6 45. e7 Bxd5+ 46. Kd4 Bf7 47. Rxg2 Kxe7 48. Rg5 Be8 49. Re5+ Kf8 50. Kc5 h4 51. Kd6 b4 52. Rxa5 c3 53. bxc3 b3 54. Rf5+ Kg7 55. Rf2 Bg6 56. Rh2 Kf6 57. Rxh4 b2 58. Rh1 b1Q 59. Rxb1 Bxb1 60. c4 Kf7 61. a4 Ke8 62. Kc7 Bd3 63. c5 Ba6 64. c6 Ke7 65. a5 Ke8 66. Kb6 Bc8 67. a6 Bxa6 68. Kxa6 Kd8 69. Kb7 1-0

[Event "Mecklenburg VP LL2 Ost 1112"]
[Site "Mecklenburg VP"]
[Date "2012.03.04"]
[Round "6.3"]
[White "Wiese, Frank"]
[Black "Windjaeger, Gerd"]
[Result "1/2-1/2"]
[WhiteElo "1901"]
[BlackElo "1832"]
[PlyCount "94"]
[EventDate "2011.10.02"]
[EventType "team-tourn"]
[EventRounds "9"]
[EventCountry "GER"]
[SourceTitle "EXT 2022"]
[Source "ChessBase"]
[SourceDate "2021.10.06"]
[SourceVersion "1"]
[SourceVersionDate "2021.10.06"]
[SourceQuality "1"]
[WhiteTeam "Graal Mueritz"]
[BlackTeam "Gryps SV"]
[WhiteTeamCountry "GER"]
[BlackTeamCountry "GER"]

1. d4 Nf6 2. c4 e6 3. Nc3 c5 4. d5 exd5 5. cxd5 d6 6. Nf3 g6 7. Nd2 Bg7 8. e4 0-0 9. Be2 b6 10. 0-0 Na6 11. f3 Nc7 12. a4 Rb8 13. Nc4 Ba6 14. Bf4 Bxc4 15. Bxc4 Nh5 16. Be3 a6 17. Qe2 b5 18. axb5 axb5 19. Nxb5 Nxb5 20. Bxb5 Qb6 21. Bd3 Qxb2 22. Rab1 Qxe2 23. Bxe2 f5 24. g4 f4 25. Bf2 Nf6 26. e5 dxe5 27. Bxc5 Rxb1 28. Rxb1 Rc8 29. Rb5 Bf8 30. Bxf8 Kxf8 31. g5 Ne8 32. Rb7 Rc7 33. Rb8 Ke7 34. Bb5 Nd6 35. Bc6 Rc8 36. Rb4 Rc7 37. Ra4 Nf5 38. Ra8 Nd4 39. Kf2 Nxc6 40. dxc6 Kd6 41. h4 Rxc6 42. Ra7 Rc2+ 43. Kg1 Kd5 44. Rxh7 Kd4 45. Ra7 Ke3 46. Ra3+ Ke2 47. Kg2 Rd2 1/2-1/2

[Event "GER-chT Nord-Ost U20 U20 1112"]
[Site "Germany"]
[Date "2011.09.24"]
[Round "1.2"]
[White "Windjaeger, Gerd"]
[Black "Tscheuschner, Georg"]
[Result "1/2-1/2"]
[WhiteElo "1818"]
[BlackElo "1849"]
[PlyCount "84"]
[EventDate "2011.09.24"]
[EventType "team-tourn"]
[EventRounds "9"]
[EventCountry "GER"]
[SourceTitle "EXT 2015"]
[Source "ChessBase"]
[SourceDate "2014.11.20"]
[SourceVersion "1"]
[SourceVersionDate "2014.11.20"]
[SourceQuality "1"]

1. d4 d5 2. Nf3 e6 3. g3 Bd6 4. Bg2 f5 5. c4 c6 6. 0-0 Nf6 7. Bf4 Bxf4 8. gxf4 0-0 9. e3 Nbd7 10. Nbd2 Ne4 11. b4 Nxd2 12. Nxd2 g5 13. fxg5 Qxg5 14. f4 Qe7 15. c5 Nf6 16. Nf3 Bd7 17. Ne5 Kh8 18. Kh1 Be8 19. Bf3 Nd7 20. Nd3 Bg6 21. a4 Nf6 22. Ne5 Be8 23. Qe2 a6 24. b5 cxb5 25. Qd2 bxa4 26. Rfb1 Bb5 27. Qe1 Ne4 28. Rb2 Rfc8 29. Bh5 Rf8 30. Be2 Bxe2 31. Rxe2 Qe8 32. Qh4 Rg8 33. Qh6 Rb8 34. Rxa4 Nc3 35. Qf6+ Rg7 36. Rg2 Qf8 37. Qxf8+ Rxf8 38. Rb4 Nb5 39. Rxg7 Kxg7 40. Nd3 Kf6 41. Kg2 Rg8+ 42. Kf2 Rg7 1/2-1/2

[Event "Mecklenburg VP-ch U25"]
[Site "Malchow"]
[Date "2011.02.14"]
[Round "4.2"]
[White "Windjaeger, Gerd"]
[Black "Heiselbetz, Erik"]
[Result "1-0"]
[WhiteElo "1898"]
[BlackElo "876"]
[PlyCount "47"]
[EventDate "2011.02.14"]
[EventType "tourn"]
[EventRounds "5"]
[EventCountry "GER"]
[SourceTitle "EXT 2022"]
[Source "ChessBase"]
[SourceDate "2021.10.06"]
[SourceVersion "1"]
[SourceVersionDate "2021.10.06"]
[SourceQuality "1"]

1. d4 d5 2. Nf3 Nc6 3. c4 Bf5 4. Qb3 Bd7 5. cxd5 Na5 6. Qd1 Nf6 7. Nc3 e6 8. Bg5 Be7 9. dxe6 Bxe6 10. e4 0-0 11. d5 Bg4 12. a3 b6 13. Ba6 Rb8 14. 0-0 h6 15. Bf4 Bd6 16. Bxd6 Qxd6 17. e5 Qxe5 18. Nxe5 Bxd1 19. Raxd1 Rbd8 20. b4 Nb3 21. Bc4 Nc5 22. bxc5 bxc5 23. Rb1 Rd6 24. a4 1-0

[Event "Mecklenburg VP LL2 Ost 1011"]
[Site "Mecklenburg VP"]
[Date "2011.01.16"]
[Round "5.2"]
[White "Windjaeger, Gerd"]
[Black "Stoevesand, Eric"]
[Result "1/2-1/2"]
[WhiteElo "1854"]
[BlackElo "1787"]
[PlyCount "98"]
[EventDate "2010.10.10"]
[EventType "team-tourn"]
[EventRounds "9"]
[EventCountry "GER"]
[SourceTitle "EXT 2022"]
[Source "ChessBase"]
[SourceDate "2021.10.06"]
[SourceVersion "1"]
[SourceVersionDate "2021.10.06"]
[SourceQuality "1"]
[WhiteTeam "Wolgast Motor"]
[BlackTeam "Neubrandenburg SG Eintracht II"]
[WhiteTeamCountry "GER"]
[BlackTeamCountry "GER"]

1. d4 d5 2. Nf3 Nf6 3. e3 e6 4. Bd3 Nbd7 5. Nbd2 Be7 6. 0-0 0-0 7. b3 b6 8. e4 dxe4 9. Nxe4 Bb7 10. Qe2 c5 11. Bb2 Nd5 12. Rad1 Qc7 13. dxc5 bxc5 14. Bb5 Rad8 15. Rfe1 N7f6 16. Nxf6+ Bxf6 17. Bxf6 Nxf6 18. Qe5 Qa5 19. a4 Bxf3 20. gxf3 Rd5 21. Rxd5 Nxd5 22. Kh1 Qc3 23. Qxc3 Nxc3 24. Re3 Nxb5 25. axb5 Rb8 26. c4 Kf8 27. Kg2 Ke7 28. Rd3 Rd8 29. Re3 Rd4 30. Kg3 Kf6 31. f4 Ke7 32. f3 Kd6 33. h3 f6 34. Rc3 Rd2 35. Re3 Rd1 36. Rc3 g6 37. Re3 Rd4 38. Rc3 Rd2 39. Re3 Rd1 40. Rc3 Rd2 41. Re3 h6 42. h4 Rd4 43. Re2 Ke7 44. Ra2 Rd7 45. Ra6 Rc7 46. h5 gxh5 47. Kh4 f5 48. Kxh5 Kf6 49. Rd6 Rg7 1/2-1/2

[Event "Mecklenburg VP LL2 Ost 1011"]
[Site "Mecklenburg VP"]
[Date "2010.10.10"]
[Round "1.3"]
[White "Claus, Jens"]
[Black "Windjaeger, Gerd"]
[Result "0-1"]
[WhiteElo "1595"]
[BlackElo "1854"]
[PlyCount "88"]
[EventDate "2010.10.10"]
[EventType "team-tourn"]
[EventRounds "9"]
[EventCountry "GER"]
[SourceTitle "EXT 2022"]
[Source "ChessBase"]
[SourceDate "2021.10.06"]
[SourceVersion "1"]
[SourceVersionDate "2021.10.06"]
[SourceQuality "1"]
[WhiteTeam "Ribnitz Damgarten"]
[BlackTeam "Wolgast Motor"]
[WhiteTeamCountry "GER"]
[BlackTeamCountry "GER"]

1. d4 d5 2. c4 dxc4 3. Nc3 Nf6 4. Bg5 c6 5. a4 Qa5 6. Bd2 Bf5 7. e4 Bg6 8. Bxc4 Qb6 9. e5 Qxd4 10. Bxf7+ Bxf7 11. exf6 gxf6 12. Be3 Qxd1+ 13. Rxd1 Nd7 14. Nge2 e5 15. 0-0 f5 16. f3 Bc5 17. Bf2 Bxf2+ 18. Kxf2 Ke7 19. Rfe1 Rad8 20. Ng3 Bg6 21. b4 Ke6 22. Rd2 Nb6 23. Red1 Rxd2+ 24. Rxd2 Nd5 25. Nxd5 cxd5 26. Rc2 f4 27. Rc7 fxg3+ 28. hxg3 Rb8 29. f4 d4 30. Rc5 exf4 31. gxf4 b6 32. Rc7 d3 33. Ke3 Rd8 34. Kd2 Rd7 35. Rc4 Kf5 36. b5 Kg4 37. a5 bxa5 38. Ra4 Kg3 39. Rxa5 Kxf4 40. Ra2 Rc7 41. Ra4+ Be4 42. g3+ Kf3 43. g4 Rc2+ 44. Kd1 Ke3 0-1

[Event "Mecklenburg VP LL2 Ost 0910"]
[Site "Mecklenburg VP"]
[Date "2010.03.21"]
[Round "8.3"]
[White "Windjaeger, Gerd"]
[Black "Onasch, Gunnar"]
[Result "1-0"]
[WhiteElo "1777"]
[BlackElo "1836"]
[PlyCount "73"]
[EventDate "2009.10.18"]
[EventType "team-tourn"]
[EventRounds "9"]
[EventCountry "GER"]
[SourceTitle "EXT 2016"]
[Source "ChessBase"]
[SourceDate "2015.10.08"]
[SourceVersion "1"]
[SourceVersionDate "2015.10.08"]
[SourceQuality "1"]
[WhiteTeam "Wolgast Motor"]
[BlackTeam "Saal Waterkant"]
[WhiteTeamCountry "GER"]
[BlackTeamCountry "GER"]

1. d4 Nf6 2. c4 e6 3. Nf3 c5 4. e3 d5 5. a3 b6 6. Nc3 Bb7 7. Be2 Nbd7 8. 0-0 Rc8 9. b3 Bd6 10. Bb2 0-0 11. Rc1 Bb8 12. cxd5 Nxd5 13. Nxd5 Bxd5 14. Bc4 Bb7 15. d5 exd5 16. Bxd5 Bxd5 17. Qxd5 Qe7 18. Rc4 Nf6 19. Qf5 h6 20. Rh4 Rc6 21. Ne5 Re6 22. Nf3 Nh7 23. Rg4 g6 24. Qh5 g5 25. h4 f5 26. Rc4 b5 27. Rcc1 g4 28. Nh2 Qd6 29. g3 Rg6 30. Rfd1 Qe6 31. Rd3 Kf7 32. Rxc5 Kg8 33. Rcd5 Bc7 34. Nf1 Bb6 35. b4 a5 36. Rd7 Qe8 37. Rb7 1-0

[Event "Mecklenburg VP-ch U18"]
[Site "Malchow"]
[Date "2010.02.??"]
[Round "4.2"]
[White "Celmer, Ole"]
[Black "Windjaeger, Gerd"]
[Result "1/2-1/2"]
[WhiteElo "1669"]
[BlackElo "1885"]
[PlyCount "33"]
[EventDate "2010.02.10"]
[EventType "swiss"]
[EventRounds "7"]
[EventCountry "GER"]
[SourceTitle "EXT 2022"]
[Source "ChessBase"]
[SourceDate "2021.10.06"]
[SourceVersion "1"]
[SourceVersionDate "2021.10.06"]
[SourceQuality "1"]

1. e4 c6 2. d4 d5 3. Nc3 dxe4 4. Nxe4 Nf6 5. Ng5 h5 6. h4 Bg4 7. Be2 e6 8. Bf4 Bd6 9. Qd2 Bxf4 10. Qxf4 Qa5+ 11. Qd2 Qxd2+ 12. Kxd2 Bxe2 13. Nxe2 Nbd7 14. Rad1 Ng4 15. Rhf1 0-0-0 16. Kc1 Ndf6 17. c3 1/2-1/2

[Event "Mecklenburg VP-ch U18"]
[Site "Malchow"]
[Date "2010.02.??"]
[Round "7.4"]
[White "Emrich, Maximilian"]
[Black "Windjaeger, Gerd"]
[Result "0-1"]
[WhiteElo "1455"]
[BlackElo "1885"]
[PlyCount "44"]
[EventDate "2010.02.10"]
[EventType "swiss"]
[EventRounds "7"]
[EventCountry "GER"]
[SourceTitle "EXT 2022"]
[Source "ChessBase"]
[SourceDate "2021.10.06"]
[SourceVersion "1"]
[SourceVersionDate "2021.10.06"]
[SourceQuality "1"]

1. d4 f5 2. Bf4 Nf6 3. Nf3 g6 4. e3 Bg7 5. c4 0-0 6. Nc3 d6 7. b4 c6 8. Bd3 Qe8 9. Qb3 Nbd7 10. c5+ d5 11. b5 Nh5 12. bxc6 bxc6 13. Nxd5 Nxc5 14. dxc5 cxd5 15. Qxd5+ e6 16. Qxa8 Bxa1 17. Bh6 Bc3+ 18. Ke2 Qa4 19. Bxf8 Qxa2+ 20. Kd1 Qa1+ 21. Kc2 Qb2+ 22. Kd1 Bb7 0-1

[Event "Mecklenburg VP-ch U18"]
[Site "Malchow"]
[Date "2010.02.??"]
[Round "6.2"]
[White "Windjaeger, Gerd"]
[Black "Kugler, Florian"]
[Result "0-1"]
[WhiteElo "1885"]
[BlackElo "2073"]
[PlyCount "50"]
[EventDate "2010.02.10"]
[EventType "swiss"]
[EventRounds "7"]
[EventCountry "GER"]
[SourceTitle "EXT 2022"]
[Source "ChessBase"]
[SourceDate "2021.10.06"]
[SourceVersion "1"]
[SourceVersionDate "2021.10.06"]
[SourceQuality "1"]

1. d4 Nf6 2. c4 e6 3. Nf3 b6 4. g3 Bb7 5. Bg2 c5 6. 0-0 Be7 7. Nc3 0-0 8. d5 exd5 9. cxd5 d6 10. e4 Na6 11. Re1 Nc7 12. a4 Re8 13. Nh4 Bf8 14. f4 a6 15. Be3 b5 16. Bf2 g6 17. Bf3 Bg7 18. g4 b4 19. Nb1 Nd7 20. Qc2 Qf6 21. Bg3 Qxb2 22. Qxb2 Bxb2 23. Ra2 Bd4+ 24. Kh1 a5 25. Ng2 Nb6 0-1

[Event "GER-ch U25 op"]
[Site "Willingen"]
[Date "2009.06.06"]
[Round "9"]
[White "Stark, Timo"]
[Black "Windjaeger, Gerd"]
[Result "1-0"]
[WhiteElo "1821"]
[BlackElo "1782"]
[PlyCount "78"]
[EventDate "2009.05.30"]
[EventType "swiss"]
[EventRounds "9"]
[EventCountry "GER"]
[SourceTitle "EXT 2010"]
[Source "ChessBase"]
[SourceDate "2010.11.25"]
[SourceVersion "1"]
[SourceVersionDate "2010.11.25"]
[SourceQuality "1"]

1. d4 f5 2. c4 Nf6 3. Nf3 g6 4. Nc3 Bg7 5. Bd2 0-0 6. e3 d6 7. Qb3 c6 8. Be2 Qe8 9. 0-0 Kh8 10. d5 Na6 11. Nd4 Nc5 12. Qc2 e5 13. dxe6 Nxe6 14. Rad1 Qf7 15. b4 Nxd4 16. exd4 Be6 17. c5 dxc5 18. dxc5 Bc4 19. Bf4 Rad8 20. Rd6 Bxe2 21. Qxe2 Rde8 22. Qd3 Ne4 23. Ne2 Nxd6 24. Bxd6 Rd8 25. Qg3 Rfe8 26. Nf4 Bf8 27. Bc7 Rd7 28. Be5+ Rxe5 29. Nxg6+ hxg6 30. Qxe5+ Kg8 31. a4 Re7 32. Qb8 a6 33. Qg3 Qe8 34. h4 Kh7 35. h5 Bg7 36. hxg6+ Qxg6 37. Qh4+ Kg8 38. Qxe7 Qf7 39. Re1 Bf8 1-0

[Event "GER-ch U25 op"]
[Site "Willingen"]
[Date "2009.06.01"]
[Round "3"]
[White "Usov, Andreas"]
[Black "Windjaeger, Gerd"]
[Result "0-1"]
[WhiteElo "1491"]
[BlackElo "1782"]
[PlyCount "84"]
[EventDate "2009.05.30"]
[EventType "swiss"]
[EventRounds "9"]
[EventCountry "GER"]
[SourceTitle "EXT 2010"]
[Source "ChessBase"]
[SourceDate "2010.11.25"]
[SourceVersion "1"]
[SourceVersionDate "2010.11.25"]
[SourceQuality "1"]

1. e4 c6 2. Bc4 d5 3. Bb3 dxe4 4. Qh5 g6 5. Qh4 Nf6 6. Nc3 Bg7 7. Nxe4 Nxe4 8. Qxe4 Bf5 9. Qb4 Qd7 10. Nf3 Na6 11. Qf4 0-0 12. 0-0 Nc5 13. Qc4 Nxb3 14. Qxb3 c5 15. Re1 Qc7 16. c3 Bd3 17. c4 Rad8 18. Re3 Bf5 19. Nh4 Bc8 20. d3 b6 21. Nf3 Rd7 22. Bd2 e5 23. Rd1 Bb7 24. Bc3 f6 25. Qc2 Rfd8 26. Ne1 Rd6 27. a3 Qd7 28. b4 e4 29. bxc5 bxc5 30. Ba5 Re8 31. Rb1 Bc6 32. dxe4 Bh6 33. Re2 Ba4 34. Qb2 Rd4 35. f3 Rxc4 36. Qxf6 Bd1 37. Reb2 Bg7 38. Rb7 Qxb7 39. Rxb7 Bxf6 40. Rxa7 Ra4 41. Nd3 Rxa3 42. Nxc5 Bd4+ 0-1

[Event "GER-ch U25 op"]
[Site "Willingen"]
[Date "2009.05.31"]
[Round "2"]
[White "Windjaeger, Gerd"]
[Black "Wild, Achim"]
[Result "0-1"]
[WhiteElo "1782"]
[BlackElo "1947"]
[PlyCount "62"]
[EventDate "2009.05.30"]
[EventType "swiss"]
[EventRounds "9"]
[EventCountry "GER"]
[SourceTitle "EXT 2010"]
[Source "ChessBase"]
[SourceDate "2010.11.25"]
[SourceVersion "1"]
[SourceVersionDate "2010.11.25"]
[SourceQuality "1"]

1. d4 d5 2. Nf3 Nf6 3. e3 e6 4. Bd3 b6 5. c3 Be7 6. Nbd2 0-0 7. Qe2 c5 8. 0-0 a5 9. dxc5 bxc5 10. e4 Ba6 11. Bxa6 Nxa6 12. Re1 d4 13. Nc4 dxc3 14. bxc3 Qc7 15. Bg5 Rfd8 16. Rab1 Rab8 17. Rxb8 Nxb8 18. Bh4 Nc6 19. Nfd2 Qd7 20. f3 Qd3 21. Qxd3 Rxd3 22. Re3 Rd7 23. Be1 h6 24. Bg3 Nh5 25. Kf2 Nxg3 26. hxg3 Bf6 27. Re1 Ne5 28. Nxe5 Rxd2+ 29. Ke3 Rxg2 30. Nd7 Bg5+ 31. f4 Rxg3+ 0-1

[Event "Mecklenburg VP-ch"]
[Site "Greifswald"]
[Date "2009.04.12"]
[Round "7.11"]
[White "Windjaeger, Gerd"]
[Black "Buettner, Thomas"]
[Result "1/2-1/2"]
[WhiteElo "1708"]
[BlackElo "1437"]
[PlyCount "86"]
[EventDate "2009.04.09"]
[EventType "swiss"]
[EventRounds "9"]
[EventCountry "GER"]
[SourceTitle "EXT 2022"]
[Source "ChessBase"]
[SourceDate "2021.10.06"]
[SourceVersion "1"]
[SourceVersionDate "2021.10.06"]
[SourceQuality "1"]

1. d4 d5 2. Nf3 Nf6 3. e3 g6 4. c4 c6 5. Nc3 Bg7 6. Bd3 0-0 7. 0-0 Nbd7 8. Bd2 dxc4 9. Bxc4 Nb6 10. Bd3 Nfd5 11. h3 Qc7 12. Rc1 Qd6 13. Ne4 Qc7 14. Nc5 Nd7 15. Qc2 Nxc5 16. Qxc5 Qd6 17. b4 Bd7 18. a4 Rfc8 19. e4 Qxc5 20. bxc5 Nc7 21. Rb1 b6 22. cxb6 axb6 23. Rxb6 Rxa4 24. Bc2 Ra7 25. Bb4 Nb5 26. Bc5 Ra2 27. Bd3 Ra4 28. d5 Nc3 29. dxc6 Bxc6 30. Bxe7 Bxe4 31. Bxe4 Nxe4 32. Rb4 Rxb4 33. Bxb4 Rc2 34. Rd1 Bf6 35. Nd2 Nxd2 36. Rxd2 Rxd2 37. Bxd2 Kg7 38. Kf1 h5 39. Ke2 Bb2 40. Ke3 Kf6 41. Ke4 Ke6 42. Be3 Bc3 43. Bd4 Bb4 1/2-1/2